| 000 | 00529nam a2200181 a 4500 | ||
|---|---|---|---|
| 001 | 000989451 | ||
| 003 | AM-YeHGA | ||
| 005 | 20250617150313.0 | ||
| 008 | 131025s1922 ||| r 000 0 rus d | ||
| 040 | _aAM-YeHGA | ||
| 041 | 0 | _arus | |
| 100 | 1 | _aКостычев, Сергей Павлович | |
| 245 | 1 | 0 |
_aНатурфилософия и точные науки / _cС.П. Костычев. |
| 260 |
_aПетроград : _bМысль, _c1922. |
||
| 300 | _a42 с. | ||
| 653 | 0 | _aФилософия | |
| 090 | _c330112 | ||
| 999 |
_c328359 _d328359 |
||